000 00663nam a22002177a 4500
003 NALT
005 20260120143034.0
008 s2009 eng d
020 _a9789291424252
040 _aNALT
041 _aeng
050 _aHV 6762
_bI57M 2009
110 2 _aInter-Parliamentary Union.
_96609
245 1 0 _aMissing persons :
_ba handbook for parliamentarians /
_cInter-Parliamentary Union.
260 _aGeneva :
_bInter-Parliamentary Union,
_c2009.
300 _a92 p. ;
_b
_c23 cm.
650 0 _aMissing persons (International law)
_936339
650 0 _aMissing persons
_936340
_xInvestigation
850 _aNALT
942 _cGB
_2lcc
999 _c74572
_d74572
998 _j104
_k นางสาวสายฝน ดีงาม